Zvyšovanie spôsobilosti vybraného výrobného zariadenia prostredníctvom Kamishibai prístupu k riadeniu údržby

Gespeichert in:
Bibliographische Detailangaben
1. Verfasser: Foriška, Richard (Verfasst von)
Weitere Verfasser: Šurinová, Yulia (Betreuung Doktorarbeit)
Format: Manuskript Buch
Sprache:Slowakisch
Veröffentlicht: 2015
Schlagworte:
Online-Zugang:http://is.stuba.sk/zp/portal_zp.pl?podrobnosti=110670
Tags: Tag hinzufügen
Keine Tags, Fügen Sie das erste Tag hinzu!

MARC

LEADER 00000ntm a22000003a 4500
001 stuzp51011
003 SK-STU
005 20160719153727.4
007 ta
008 150427s2015----xo-----f-mn---000-0-slo-d
040 |a STU  |b slo 
041 0 |a slo 
100 1 |a Foriška, Richard  |u 065000  |4 aut  |U MTF Materiálovotechnologická fakulta  |T MTF Ústav bezpečnosti, environmentu a kvality  |X 6579  |U M5000  |Y 85  |7 A000006579 
242 0 1 |a Increasing the capability of the selected manufacturing facility through Kamishibai approach to managing maintenance  |y eng 
245 1 0 |a Zvyšovanie spôsobilosti vybraného výrobného zariadenia prostredníctvom Kamishibai prístupu k riadeniu údržby 
260 |c 2015 
650 4 |a spôsobilosť  |2 slo 
650 4 |a kvalita  |2 slo 
650 4 |a údržba  |2 slo 
650 4 |a Kamishibai  |2 slo 
650 4 |a maintenance  |2 eng 
650 4 |a Kamishibai  |2 eng 
650 4 |a capability  |2 eng 
650 4 |a Quality  |2 eng 
700 1 |a Šurinová, Yulia  |4 ths  |X 47603  |7 A000047603 
856 4 |u http://is.stuba.sk/zp/portal_zp.pl?podrobnosti=110670 
996 |c M* DP-12536  |l MMSKP  |s P  |a 0  |w stuzp51011_0001 
SQL |a stuzp51011  |b DDP  |c SLO  |d Zvyšovanie spôsobilosti vybraného výrobného zariadenia prostredníctvom Kamishibai prístupu k riadeniu údržby  |e 6579  |f Foriška, Richard  |g 065000  |h 47603  |i Šurinová, Yulia  |j 20150612  |k 183  |l 06  |m http://is.stuba.sk/zp/portal_zp.pl?podrobnosti=110670  |n I-IKP  |o 5.2.57. kvalita produkcie